[Event "Rated Blitz game"]
[Site "?"]
[Date "2021.04.17"]
[Round "?"]
[White "miguelnimzovich"]
[Black "blastol"]
[Result "1-0"]
[WhiteElo "2443"]
[BlackElo "2392"]
[PlyCount "43"]
[EventDate "2021.??.??"]
[EventType "blitz"]

1. e4 e5 2. Nf3 d5 3. Nc3 dxe4 4. Nxe4 f5 5. Nc3 e4 6. Ne5 Nf6 7. d4 Bd6 8. Bf4
Be6 9. Qd2 O-O 10. O-O-O Kh8 11. f3 Bb4 12. a3 Ba5 13. h4 Nd5 14. b4 Qe7 15.
Nxd5 Bxd5 16. h5 Nc6 17. Ng6+ hxg6 18. hxg6+ Kg8 19. g4 Qf6 20. Rh8+ Kxh8 21.
Qh2+ Kg8 22. Qh7# {Normal} 1-0

[Event "Rated Blitz tournament 6PrQOZfz"]
[Site "?"]
[Date "2021.04.17"]
[Round "?"]
[White "kintoho"]
[Black "lavilaine"]
[Result "1-0"]
[WhiteElo "2476"]
[BlackElo "2380"]
[PlyCount "145"]
[EventDate "2021.??.??"]
[EventType "blitz"]

1. e4 e5 2. Nf3 d5 3. d4 dxe4 4. Nxe5 Bd6 5. Nc4 Nc6 6. Nxd6+ cxd6 7. c3 d5 8.
Bb5 f5 9. Qh5+ g6 10. Qg5 Nf6 11. Bf4 O-O 12. Bxc6 bxc6 13. Be5 Kg7 14. h4 h6
15. Qg3 Ba6 16. Nd2 Kh7 17. Nb3 Nh5 18. Qe3 f4 19. Qd2 Qb6 20. O-O-O Bc4 21.
Qc2 a5 22. Nc5 Bxa2 23. b3 a4 24. Qxa2 axb3 25. Qxb3 Qa5 26. Kb2 e3 27. Ra1
Qxa1+ 28. Rxa1 Rxa1 29. Kxa1 exf2 30. Qd1 Ng3 31. Ne6 Ra8+ 32. Kb2 f1=Q 33.
Qxf1 Nxf1 34. Nxf4 g5 35. hxg5 hxg5 36. Ne6 Ne3 37. Nxg5+ Kg6 38. Ne6 Nc4+ 39.
Kb3 Nxe5 40. dxe5 Kf5 41. Nd4+ Kxe5 42. Nxc6+ Ke4 43. Kb4 Rg8 44. Kc5 Rxg2 45.
Nb4 Rd2 46. Kc6 Ke5 47. Kc5 Ke6 48. Nc6 Rd1 49. Nd4+ Ke5 50. Nf3+ Ke4 51. Nd4
Rc1 52. Nb5 Rb1 53. Nd4 Ra1 54. Nb5 Ra2 55. Nd4 Ra3 56. Kb4 Ra2 57. Kc5 Ra8 58.
Nb5 Rc8+ 59. Kb4 Rc4+ 60. Kb3 Kd3 61. Kb2 Ra4 62. Nc7 Ra5 63. Kb3 Rc5 64. Ne6
Rxc3+ 65. Kb4 d4 66. Nf4+ Ke3 67. Nd5+ Kd2 68. Ka4 Rc1 69. Kb3 d3 70. Kb2 Kd1
71. Ne3+ Ke2 72. Ng2 d2 73. Nf4+ {Time forfeit} 1-0

[Event "Rated Blitz game"]
[Site "?"]
[Date "2021.04.17"]
[Round "?"]
[White "D_O_M_I_N_A_T_O_R"]
[Black "magos33"]
[Result "0-1"]
[WhiteElo "2439"]
[BlackElo "2399"]
[PlyCount "122"]
[EventDate "2021.??.??"]
[EventType "blitz"]

1. e4 e5 2. Nf3 d5 3. Nxe5 Bd6 4. d4 dxe4 5. Nc3 Bxe5 6. dxe5 Qxd1+ 7. Kxd1 Nc6
8. Bf4 Nge7 9. Bb5 Bf5 10. Ke2 O-O-O 11. Rac1 Ng6 12. Bg3 Ncxe5 13. h3 a6 14.
Ba4 Nc4 15. Bb3 Nce5 16. Rhd1 f6 17. Nd5 Be6 18. Ne7+ Nxe7 19. Bxe6+ Kb8 20.
Bxe5 fxe5 21. Ke3 Rd6 22. Rxd6 cxd6 23. Kxe4 Rf8 24. f3 Rf4+ 25. Ke3 d5 26. c3
Kc7 27. Rd1 Kd6 28. Bg4 g6 29. h4 h5 30. Bh3 Rxh4 31. b3 Nf5+ 32. Kf2 b5 33.
Rh1 b4 34. g3 Rxh3 35. Rxh3 bxc3 36. Rh1 d4 37. g4 hxg4 38. fxg4 Ne3 39. Ke2
Kd5 40. a4 Ke4 41. b4 d3+ 42. Kf2 d2 43. Ke2 d1=Q+ 44. Rxd1 Nxd1 45. Kxd1 Kd4
46. Kc2 Kc4 47. b5 axb5 48. axb5 Kxb5 49. Kxc3 Kc5 50. Kd3 Kd5 51. g5 e4+ 52.
Ke3 Ke5 53. Ke2 Kf5 54. Ke3 Ke5 55. Ke2 Kf4 56. Kf2 Kxg5 57. Ke3 Kf5 58. Kd4 g5
59. Ke3 Ke5 60. Kf2 Kf4 61. Ke2 e3 {Time forfeit} 0-1

[Event "Rated Blitz game"]
[Site "?"]
[Date "2021.04.17"]
[Round "?"]
[White "JoeFr"]
[Black "Maltinho"]
[Result "0-1"]
[WhiteElo "2588"]
[BlackElo "2566"]
[PlyCount "126"]
[EventDate "2021.??.??"]
[EventType "blitz"]

1. e4 e5 2. Nf3 d5 3. Nc3 d4 4. Ne2 Bd6 5. Ng3 h5 6. h4 Bg4 7. Bc4 f6 8. d3 Ne7
9. a3 c5 10. Qe2 a6 11. Bd2 b5 12. Ba2 Nbc6 13. Qf1 Qd7 14. Nh2 Be6 15. Qe2 g6
16. O-O Bxa2 17. Rxa2 O-O-O 18. c4 bxc4 19. dxc4 Bc7 20. Qd3 g5 21. b4 gxh4 22.
Nf5 Nxf5 23. exf5 Rdg8 24. Kh1 Ne7 25. Qe4 Qc6 26. f3 h3 27. gxh3 Qxe4 28. fxe4
Rg3 29. Rf3 Rhg8 30. Rxg3 Rxg3 31. bxc5 Rxh3 32. Bb4 Rb3 33. Rg2 a5 34. Be1 Rb1
35. Nf3 Nxf5 36. exf5 e4 37. Rg8+ Kb7 38. c6+ Ka7 39. Nxd4 Rxe1+ 40. Kg2 Rd1
41. Nb5+ Kb6 42. a4 Kxc6 43. Rg6 Rd2+ 44. Kf1 Be5 45. Rh6 Ra2 46. Rxh5 Rxa4 47.
Ke2 Rxc4 48. Na7+ Kc5 49. Rh7 Kd4 50. Nc6+ Rxc6 51. Ra7 Rd6 52. Rxa5 Rd5 53.
Ra4+ Kc5 54. Rxe4 Kd6 55. Kf3 Bd4 56. Kg4 Bc5 57. Re6+ Kd7 58. Rxf6 Rd4+ 59.
Kg5 Bd6 60. Kg6 Be5 61. Rf7+ Kc6 62. f6 Kd5 63. Rd7+ Bd6 {Time forfeit} 0-1

[Event "Rated Blitz game"]
[Site "?"]
[Date "2021.04.17"]
[Round "?"]
[White "marxistpawns"]
[Black "annaly1979"]
[Result "1-0"]
[WhiteElo "2521"]
[BlackElo "2443"]
[PlyCount "83"]
[EventDate "2021.??.??"]
[EventType "blitz"]

1. e4 e5 2. Nf3 d5 3. exd5 e4 4. Qe2 f5 5. d3 Nf6 6. dxe4 fxe4 7. Bg5 Be7 8.
Bxf6 Bxf6 9. Qxe4+ Kf7 10. Qb4 Re8+ 11. Be2 a5 12. Qb3 a4 13. Qa3 Na6 14. Nc3
Kg8 15. Rd1 Bf5 16. Rd2 Be7 17. Qxa4 Nb4 18. Qb3 Bd6 19. O-O Qf6 20. a3 Na6 21.
Bxa6 Rxa6 22. Qc4 Raa8 23. Re2 Rxe2 24. Qxe2 Bd7 25. Re1 Re8 26. Qd2 Rxe1+ 27.
Qxe1 Qg6 28. Qd2 h6 29. Kf1 b5 30. h3 b4 31. axb4 Bxb4 32. Ne5 Bb5+ 33. Kg1 Qf5
34. Nd3 Bd6 35. Nxb5 Qxd5 36. Nxd6 Qxd6 37. Qf4 Qc6 38. b3 Qxc2 39. Qc4+ Qxc4
40. bxc4 Kf7 41. Kf1 Ke6 42. Ke2 {Normal} 1-0

[Event "Rated Blitz game"]
[Site "?"]
[Date "2021.04.17"]
[Round "?"]
[White "Joaquincel"]
[Black "pasha1984"]
[Result "0-1"]
[WhiteElo "2322"]
[BlackElo "2479"]
[PlyCount "72"]
[EventDate "2021.??.??"]
[EventType "blitz"]

1. e4 e5 2. Nf3 d5 3. Nxe5 dxe4 4. d4 Bd6 5. Bc4 Bxe5 6. Qh5 Qe7 7. Bg5 Bf6 8.
Bxf6 Nxf6 9. Qb5+ c6 10. Qb3 b5 11. Be2 Be6 12. Qe3 O-O 13. Nc3 Bd5 14. O-O-O
b4 15. Nxd5 cxd5 16. f3 Nc6 17. fxe4 Qxe4 18. Qg3 Rfe8 19. Bf3 Qe3+ 20. Kb1 Ne4
21. Qc7 Rac8 22. Qb7 Nd2+ 23. Ka1 Nxf3 24. gxf3 Nxd4 25. Qxd5 Rcd8 26. Qc4 Nxf3
27. Rc1 a5 28. h4 Ne5 29. Qc7 Rc8 30. Qxa5 Qd4 31. Rhd1 Qc5 32. Qa6 Nc4 33. Rd7
Qe5 34. Rb1 Na3 35. Rc1 Rxc2 36. Rdd1 Qxb2# {Normal} 0-1

[Event "Rated Blitz game"]
[Site "?"]
[Date "2021.04.17"]
[Round "?"]
[White "jim2600"]
[Black "Gifroy"]
[Result "1-0"]
[WhiteElo "2507"]
[BlackElo "2426"]
[PlyCount "35"]
[EventDate "2021.??.??"]
[EventType "blitz"]

1. e4 e5 2. Nf3 d5 3. exd5 e4 4. Nd4 Qxd5 5. Nb3 Qe5 6. Nc3 Bf5 7. Be2 Nc6 8.
O-O Bd6 9. g3 O-O-O 10. d4 exd3 11. Bxd3 Nb4 12. Re1 Qf6 13. Ne4 Bxe4 14. Bxe4
Ne7 15. Qh5 g6 16. Qb5 Nbc6 17. Bg5 Qe5 18. Bxc6 {Normal} 1-0

[Event "Rated Blitz game"]
[Site "?"]
[Date "2021.04.17"]
[Round "?"]
[White "juanchacon"]
[Black "Akbas_Kaan"]
[Result "1-0"]
[WhiteElo "2424"]
[BlackElo "2388"]
[PlyCount "47"]
[EventDate "2021.??.??"]
[EventType "blitz"]

1. e4 e5 2. Nf3 d5 3. exd5 e4 4. Qe2 Nf6 5. d3 Qxd5 6. Nbd2 Bd6 7. Nxe4 O-O 8.
Nxf6+ gxf6 9. Be3 Nc6 10. Qd2 Re8 11. Be2 Bg4 12. O-O Rad8 13. h3 Bh5 14. Rfe1
Ne5 15. Nxe5 Qxe5 16. g3 Bxe2 17. Rxe2 Qxb2 18. Rae1 b6 19. Bh6 Qb5 20. Re4 Bf8
21. Bxf8 Rxe4 22. Rxe4 Rxf8 23. Rg4+ Kh8 24. Qh6 {Normal} 1-0

[Event "Rated Blitz game"]
[Site "?"]
[Date "2021.04.17"]
[Round "?"]
[White "max3333333"]
[Black "Almalik25"]
[Result "1-0"]
[WhiteElo "2406"]
[BlackElo "2332"]
[PlyCount "107"]
[EventDate "2021.??.??"]
[EventType "blitz"]

1. e4 e5 2. Nf3 d5 3. Nxe5 Bd6 4. d4 dxe4 5. Bc4 Bxe5 6. dxe5 Qxd1+ 7. Kxd1 Nc6
8. Bf4 Bg4+ 9. Ke1 O-O-O 10. Nc3 Nd4 11. Rc1 f5 12. h3 Bh5 13. Be3 Ne7 14. Bb3
Rhf8 15. g3 h6 16. Kf1 Bf3 17. Rg1 g5 18. h4 f4 19. Bxd4 Rxd4 20. hxg5 hxg5 21.
gxf4 gxf4 22. Re1 c6 23. Be6+ Kd8 24. Bg4 Rd2 25. Bxf3 exf3 26. Rd1 Rxd1+ 27.
Nxd1 Rf5 28. Rg4 Nd5 29. e6 Re5 30. Nc3 Nxc3 31. bxc3 Rxe6 32. Rxf4 Re2 33.
Rxf3 Rxc2 34. Rf7 Kc8 35. Rf3 Rxa2 36. Re3 a5 37. f4 a4 38. f5 Rd2 39. f6 Rd7
40. c4 Rf7 41. Rf3 b5 42. cxb5 cxb5 43. Ke2 b4 44. Kd2 Kb7 45. Rf4 b3 46. Rxa4
Rxf6 47. Kc1 Rb6 48. Kb2 Kc6 49. Rh4 Kb5 50. Rh5+ Ka6 51. Rh8 Ka5 52. Rh3 Kb5
53. Rh1 Ka5 54. Rb1 {Time forfeit} 1-0

[Event "Rated Blitz game"]
[Site "?"]
[Date "2021.04.17"]
[Round "?"]
[White "Mark_Twain_64"]
[Black "Gifroy"]
[Result "1-0"]
[WhiteElo "2447"]
[BlackElo "2476"]
[PlyCount "77"]
[EventDate "2021.??.??"]
[EventType "blitz"]

1. e4 e5 2. Nf3 d5 3. Nxe5 Bd6 4. Ng4 dxe4 5. d4 f5 6. Ne3 Be6 7. d5 Bd7 8. c4
b6 9. Nc3 a6 10. g4 f4 11. Nf5 Bxf5 12. gxf5 e3 13. Qh5+ Kf8 14. fxe3 Nf6 15.
Qg5 h6 16. Qg6 Qe7 17. Bd3 Nbd7 18. Ke2 Ne5 19. Qg1 fxe3 20. h3 Nxd3 21. Kxd3
Re8 22. Qxe3 Qf7 23. Qf3 b5 24. b3 b4 25. Ne2 Ne4 26. Bb2 Nc5+ 27. Kc2 Be5 28.
Rad1 Qf6 29. Bxe5 Rxe5 30. Nd4 h5 31. Rhf1 Kf7 32. Ne6 Re8 33. Nxc5 Re2+ 34.
Qxe2 Rxe2+ 35. Kd3 Rxa2 36. Ne4 Qe5 37. Rde1 Ra3 38. Ng5+ Kg8 39. Rxe5 {Normal}
1-0

[Event "Rated Blitz game"]
[Site "?"]
[Date "2021.04.17"]
[Round "?"]
[White "danieljaber"]
[Black "Gifroy"]
[Result "1-0"]
[WhiteElo "2446"]
[BlackElo "2467"]
[PlyCount "59"]
[EventDate "2021.??.??"]
[EventType "blitz"]

1. e4 e5 2. Nf3 d5 3. exd5 e4 4. Ne5 Qxd5 5. d4 exd3 6. Nxd3 Nc6 7. Nc3 Bb4 8.
Bd2 Bxc3 9. Bxc3 Nf6 10. Nf4 Qe4+ 11. Qe2 Qxe2+ 12. Bxe2 Bd7 13. Bf3 O-O-O 14.
O-O-O Ng4 15. Bxg4 Bxg4 16. f3 Bf5 17. Bxg7 Rhg8 18. Rxd8+ Nxd8 19. Bc3 Ne6 20.
Nd5 Re8 21. Re1 c6 22. Nf6 Rd8 23. g4 Bg6 24. h4 h5 25. gxh5 Bf5 26. h6 Nf8 27.
Re5 Be6 28. h7 Ng6 29. Rh5 Nh8 30. Ng8 {Normal} 1-0

[Event "Rated Blitz game"]
[Site "?"]
[Date "2021.04.17"]
[Round "?"]
[White "ne_Tal"]
[Black "anjaya01"]
[Result "1-0"]
[WhiteElo "2384"]
[BlackElo "2425"]
[PlyCount "39"]
[EventDate "2021.??.??"]
[EventType "blitz"]

1. e4 e5 2. Nf3 d5 3. d4 Bd6 4. dxe5 dxe4 5. exd6 exf3 6. dxc7 Qxc7 7. Qxf3
Qxc2 8. Nc3 Qg6 9. Bd3 Qg4 10. Qe3+ Qe6 11. Ne4 Nf6 12. Nd6+ Ke7 13. Nf5+ Kf8
14. O-O Qxe3 15. Bxe3 b6 16. Rac1 Nbd7 17. Bf4 Ne8 18. Rfe1 h6 19. Nd6 Nxd6 20.
Bxd6+ {Normal} 1-0

[Event "Rated Blitz game"]
[Site "?"]
[Date "2021.04.17"]
[Round "?"]
[White "Handry_EK_BKD"]
[Black "Gifroy"]
[Result "1-0"]
[WhiteElo "2391"]
[BlackElo "2444"]
[PlyCount "89"]
[EventDate "2021.??.??"]
[EventType "blitz"]

1. e4 e5 2. Nf3 d5 3. exd5 e4 4. Qe2 Nf6 5. Nc3 Qe7 6. Nd4 Qe5 7. Nb3 Bd6 8. d4
Qe7 9. Bg5 Nbd7 10. O-O-O h6 11. Bxf6 Qxf6 12. Nxe4 Qf4+ 13. Kb1 O-O 14. g3 Qf5
15. h4 Nb6 16. Bh3 Qxd5 17. Bxc8 Raxc8 18. Nc3 Qf5 19. Rhe1 Rce8 20. Qxe8 Rxe8
21. Rxe8+ Kh7 22. f4 Qg4 23. Re3 Nd5 24. Red3 Nf6 25. Nd2 c6 26. Nde4 Be7 27.
Nxf6+ Bxf6 28. Ne4 Be7 29. a3 Qe2 30. Nc3 Qe6 31. d5 cxd5 32. Nxd5 Bc5 33. b4
Bf8 34. c4 a5 35. c5 axb4 36. axb4 Qc6 37. Kb2 Qb5 38. Kc3 Qa4 39. Kc4 Qa2+ 40.
Kd4 g6 41. R1d2 Bg7+ 42. Ke3 Qc4 43. Kf3 h5 44. Ne3 Qc1 45. Rd1 {Time forfeit}
1-0

[Event "Rated Blitz game"]
[Site "?"]
[Date "2021.04.17"]
[Round "?"]
[White "GropingQ"]
[Black "anjaya01"]
[Result "0-1"]
[WhiteElo "2417"]
[BlackElo "2416"]
[PlyCount "74"]
[EventDate "2021.??.??"]
[EventType "blitz"]

1. e4 e5 2. Nf3 d5 3. d3 Bd6 4. exd5 f5 5. Nc3 a6 6. Bg5 Nf6 7. Qd2 h6 8. Bxf6
Qxf6 9. O-O-O b5 10. d4 e4 11. Ne5 O-O 12. f4 Nd7 13. Be2 Nb6 14. Rhg1 b4 15.
Nb1 Nxd5 16. Bc4 Be6 17. Bxd5 Bxd5 18. c4 bxc3 19. Nxc3 Be6 20. Kb1 Rab8 21.
Ka1 a5 22. Rc1 a4 23. Nd1 a3 24. b3 Bb4 25. Qe3 Bd6 26. g3 Kh8 27. Qe2 Kh7 28.
Ne3 c5 29. Rxc5 Bxc5 30. dxc5 Rfd8 31. Rd1 Rxd1+ 32. Qxd1 Rd8 33. Qc1 Rd3 34.
Nc2 Qd8 35. Qxa3 Rd2 36. Kb1 Rxh2 37. Qb4 Qd1+ {Normal} 0-1

[Event "Rated Blitz game"]
[Site "?"]
[Date "2021.04.17"]
[Round "?"]
[White "Handry_EK_BKD"]
[Black "Gifroy"]
[Result "1-0"]
[WhiteElo "2389"]
[BlackElo "2446"]
[PlyCount "43"]
[EventDate "2021.??.??"]
[EventType "blitz"]

1. e4 e5 2. Nf3 d5 3. exd5 e4 4. Qe2 Nf6 5. d3 Qxd5 6. Nc3 Bb4 7. Bd2 Bxc3 8.
Bxc3 O-O 9. O-O-O exf3 10. Qxf3 Qxf3 11. gxf3 Nd5 12. Bd2 c5 13. Rg1 Kh8 14. f4
Nc6 15. Bg2 Nf6 16. Bc3 Bg4 17. Rde1 Rae8 18. Be5 Bf5 19. Kd2 Rg8 20. h3 Nd7
21. Bxc6 bxc6 22. Bxg7+ {Normal} 1-0

[Event "Rated Blitz game"]
[Site "?"]
[Date "2021.04.17"]
[Round "?"]
[White "deek741"]
[Black "Almalik25"]
[Result "1-0"]
[WhiteElo "2402"]
[BlackElo "2326"]
[PlyCount "77"]
[EventDate "2021.??.??"]
[EventType "blitz"]

1. e4 e5 2. Nf3 d5 3. Nxe5 Bd6 4. d4 dxe4 5. Nc4 Be7 6. Be3 Nf6 7. Nc3 O-O 8.
Be2 Re8 9. O-O h6 10. a4 a6 11. f3 Bb4 12. Nxe4 Nxe4 13. fxe4 Rxe4 14. Bf3 Re8
15. Qd3 Nc6 16. c3 Bf8 17. Bxc6 bxc6 18. Rad1 Rb8 19. b4 Be6 20. Ne5 Bd5 21. c4
Be6 22. Nxc6 Qh4 23. Nxb8 Rxb8 24. d5 Bg4 25. Rb1 g6 26. c5 Qh5 27. Rfe1 Bf5
28. Qd1 Bxb1 29. Qxh5 gxh5 30. Rxb1 Kh7 31. b5 Kg6 32. b6 cxb6 33. Rxb6+ Rxb6
34. cxb6 Bd6 35. b7 Bb8 36. g3 Kf5 37. Bf4 Ba7+ 38. Kg2 Ke4 39. d6 {Normal} 1-0

[Event "Rated Blitz game"]
[Site "?"]
[Date "2021.04.17"]
[Round "?"]
[White "JuanCLA"]
[Black "pasha1984"]
[Result "1-0"]
[WhiteElo "2342"]
[BlackElo "2423"]
[PlyCount "161"]
[EventDate "2021.??.??"]
[EventType "blitz"]

1. e4 e5 2. Nf3 d5 3. d4 dxe4 4. Nxe5 Bd6 5. Nc3 Bxe5 6. dxe5 Qxd1+ 7. Kxd1 Nc6
8. Bf4 Bg4+ 9. Be2 O-O-O+ 10. Ke1 Bxe2 11. Nxe2 Nge7 12. c3 Ng6 13. Bg3 Ngxe5
14. Bxe5 Nxe5 15. Kf1 Rd2 16. Rb1 Nd3 17. h4 f5 18. Rh3 Rxb2 19. Rxb2 Nxb2 20.
Nd4 g6 21. h5 Rg8 22. hxg6 hxg6 23. Rh7 Nc4 24. Ne6 c6 25. Nc5 b6 26. Ne6 Kb8
27. Nd4 Na5 28. Ke2 c5 29. Nb5 Nc6 30. Ke3 a6 31. Nd6 Na5 32. Kf4 Rd8 33. Ke5
b5 34. Rg7 Nc4+ 35. Nxc4 bxc4 36. Rxg6 Kb7 37. Kxf5 Rd2 38. Kxe4 Rxf2 39. g4
Rxa2 40. Kd5 Rf2 41. Kxc4 Rf3 42. g5 a5 43. Kb5 Rxc3 44. Rg7+ Kc8 45. Kc6 Kd8
46. g6 Rg3 47. Kxc5 a4 48. Ra7 a3 49. Kd5 Ke8 50. Ke5 Kf8 51. Kf5 Kg8 52. Ra8+
Kg7 53. Ra7+ Kg8 54. Kf6 Rf3+ 55. Kg5 Rg3+ 56. Kf5 Rf3+ 57. Kg4 Rb3 58. Kg5
Rg3+ 59. Kh5 Rh3+ 60. Kg4 Rb3 61. Rc7 Rb4+ 62. Kg5 Rb3 63. Rc8+ Kg7 64. Rc7+
Kg8 65. Rd7 Rg3+ 66. Kf5 Rf3+ 67. Kg4 Rb3 68. Rc7 a2 69. Ra7 Rb2 70. Kg5 Rh2
71. Ra8+ Kg7 72. Ra7+ Kg8 73. Ra6 Rg2+ 74. Kf4 Rf2+ 75. Ke3 Rb2 76. Kd3 Kg7 77.
Kc3 Rb7 78. Rxa2 Re7 79. Kd3 Rd7+ 80. Ke4 Re7+ 81. Kf5 {Time forfeit} 1-0

[Event "Rated Blitz game"]
[Site "?"]
[Date "2021.04.17"]
[Round "?"]
[White "PonzianiMaster"]
[Black "blastol"]
[Result "0-1"]
[WhiteElo "2339"]
[BlackElo "2420"]
[PlyCount "74"]
[EventDate "2021.??.??"]
[EventType "blitz"]

1. e4 e5 2. Nf3 d5 3. exd5 Bd6 4. Nc3 Nf6 5. Bc4 e4 6. Qe2 Qe7 7. Nd4 O-O 8.
O-O Qe5 9. g3 Qxd4 10. d3 Bg4 11. Qe1 exd3 12. Be3 Qe5 13. Bxd3 Bf3 14. Be2
Bxe2 15. Qxe2 Nxd5 16. Nxd5 Qxd5 17. Rad1 Qe6 18. Qf3 Nc6 19. Rfe1 Qf6 20. Qg2
Ne5 21. f4 Ng4 22. Bd4 Qg6 23. Qxb7 Qxc2 24. Qg2 Qxg2+ 25. Kxg2 Rfe8 26. Kf3
Nxh2+ 27. Kg2 Ng4 28. Kf3 h5 29. Rh1 g6 30. f5 Rab8 31. Bc3 Rb5 32. fxg6 Rf5+
33. Kg2 Re2+ 34. Kh3 Nf2+ 35. Kh4 Nxd1 36. gxf7+ Kxf7 37. Rxd1 Rh2# {Normal}
0-1

[Event "Rated Blitz game"]
[Site "?"]
[Date "2021.04.17"]
[Round "?"]
[White "Bierpower"]
[Black "annaly1979"]
[Result "1/2-1/2"]
[WhiteElo "2393"]
[BlackElo "2436"]
[PlyCount "243"]
[EventDate "2021.??.??"]
[EventType "blitz"]

1. e4 e5 2. Nf3 d5 3. exd5 e4 4. Nd4 c5 5. Nb3 f5 6. d3 Nf6 7. dxe4 fxe4 8. Nc3
a6 9. a4 Bf5 10. Be3 Nbd7 11. Be2 Bd6 12. h4 Qe7 13. g4 Bg6 14. Qd2 Ne5 15.
O-O-O Nexg4 16. Bxg4 Nxg4 17. Bg5 Qf7 18. Qe2 Qf3 19. Qc4 O-O 20. Rdf1 Rae8 21.
Nd2 Qf5 22. Rhg1 e3 23. Nde4 exf2 24. Rxg4 Qxg4 25. Nxd6 Re1+ 26. Kd2 Qd4+ 27.
Qxd4 cxd4 28. Rxe1 dxc3+ 29. bxc3 fxe1=Q+ 30. Kxe1 h6 31. Be7 Rf3 32. Kd2 Rf2+
33. Ke3 Rxc2 34. Nc4 Rxc3+ 35. Kd4 Rd3+ 36. Kc5 Bf7 37. d6 Rc3 38. d7 Rxc4+ 39.
Kb6 Rd4 40. d8=Q+ Rxd8 41. Bxd8 Bd5 42. Kc5 Bf3 43. a5 Kf7 44. Kd4 Kg6 45. Ke3
Bc6 46. Kf4 Kh5 47. Kg3 g5 48. hxg5 hxg5 49. Bb6 Kg6 50. Bf2 Kf5 51. Bb6 g4 52.
Bc7 Bf3 53. Bb6 Ke6 54. Bc7 Kd5 55. Bb6 Kc4 56. Bd8 Kb5 57. Bc7 Kc6 58. Bb6 Kd7
59. Kf2 Bc6 60. Kg3 Bf3 61. Kf2 Bd1 62. Kg3 Kc6 63. Kf2 Bf3 64. Kg3 Kd5 65. Kf2
Ke5 66. Kg3 Kf5 67. Bd8 Bc6 68. Bb6 Ke4 69. Bd8 Bd7 70. Bb6 Kd3 71. Kf2 g3+ 72.
Kxg3 Kc4 73. Bd8 Kd5 74. Bb6 Kc6 75. Kg2 Be6 76. Kf2 Bd5 77. Kg3 Kb5 78. Kf2
Bc6 79. Kg3 Kc4 80. Kf2 Kd5 81. Kg3 Kd6 82. Kf2 Kd7 83. Ke1 Kc8 84. Kf2 Bd7 85.
Kg3 Bf5 86. Kf2 Bg4 87. Kg3 Bh5 88. Kf2 Bf7 89. Ke3 Bd5 90. Kf4 Bc6 91. Kg3 Kd7
92. Kf2 Ke7 93. Kg3 Bb5 94. Kf2 Kd7 95. Kg3 Bc4 96. Kf2 Bd5 97. Kg3 Ke6 98. Kf2
Bc6 99. Kg3 Ke5 100. Kf2 Ke4 101. Kg3 Kf5 102. Kf2 Kg4 103. Kg1 Kg3 104. Kf1
Bb5+ 105. Ke1 Kf3 106. Kd2 Ke4 107. Kc3 Kd5 108. Kb4 Ke4 109. Ka3 Kd3 110. Kb2
Kd2 111. Ka3 Bc4 112. Kb2 Bd5 113. Ka3 Bc6 114. Kb4 Kd3 115. Kc5 Kc3 116. Kd6
Kb4 117. Kc7 Kb5 118. Kd8 Bd5 119. Kc7 Bc6 120. Kd8 Kc4 121. Ke7 Kd5 122. Kf6 {
Normal} 1/2-1/2

[Event "Rated Blitz game"]
[Site "?"]
[Date "2021.04.17"]
[Round "?"]
[White "CACHS"]
[Black "JellalFernandes"]
[Result "0-1"]
[WhiteElo "2525"]
[BlackElo "2551"]
[PlyCount "22"]
[EventDate "2021.??.??"]
[EventType "blitz"]

1. e4 e5 2. Nf3 d5 3. Qe2 Nf6 4. exd5 Be7 5. Nxe5 O-O 6. g3 Qxd5 7. Nf3 Bg4 8.
Bg2 Nc6 9. Nc3 Qd7 10. O-O Nd4 11. Qd3 Nxf3+ {Normal} 0-1

[Event "Rated Blitz game"]
[Site "?"]
[Date "2021.04.17"]
[Round "?"]
[White "CACHS"]
[Black "JellalFernandes"]
[Result "0-1"]
[WhiteElo "2515"]
[BlackElo "2562"]
[PlyCount "48"]
[EventDate "2021.??.??"]
[EventType "blitz"]

1. e4 e5 2. Nf3 d5 3. Qe2 Nf6 4. d3 Nc6 5. Bg5 Be6 6. Nbd2 h6 7. Bh4 Qd6 8. Bg3
O-O-O 9. exd5 Nxd5 10. Nxe5 Nd4 11. Qd1 f6 12. Nf7 Qe7 13. Nxd8 Bg4+ 14. Ne4
Bxd1 15. Rxd1 Kxd8 16. Kd2 f5 17. Nc3 Qb4 18. a3 Qxb2 19. Nxd5 Qxc2+ 20. Ke1
Bxa3 21. Bxc7+ Kd7 22. Be5 Re8 23. f4 g5 24. Ne3 Bb4+ {Normal} 0-1

[Event "Rated Blitz game"]
[Site "?"]
[Date "2021.04.17"]
[Round "?"]
[White "Cookie2015"]
[Black "anjaya01"]
[Result "1-0"]
[WhiteElo "2343"]
[BlackElo "2419"]
[PlyCount "103"]
[EventDate "2021.??.??"]
[EventType "blitz"]

1. e4 e5 2. Nf3 d5 3. exd5 Bd6 4. Nc3 f5 5. Bb5+ Kf8 6. d3 Nf6 7. Bg5 h6 8.
Bxf6 Qxf6 9. Qe2 g5 10. O-O-O a6 11. Ba4 b5 12. Bb3 Nd7 13. h4 g4 14. Nh2 Qxh4
15. f3 g3 16. Ng4 Qg5+ 17. Ne3 Bc5 18. Rde1 b4 19. Ncd1 f4 20. Ng4 Bd6 21. d4
exd4 22. Qe4 Nc5 23. Qxd4 Nxb3+ 24. axb3 Rh7 25. Ne5 Bf5 26. Nc6 a5 27. Re2 h5
28. Rhe1 h4 29. c3 h3 30. gxh3 Rxh3 31. Ne7 bxc3 32. Nxf5 cxb2+ 33. Kxb2 Qxf5
34. Nc3 Kf7 35. Ne4 Rh2 36. Nxd6+ cxd6 37. Ka3 Rxe2 38. Rxe2 Re8 39. Rxe8 Kxe8
40. Qh8+ Kf7 41. Qd8 Qxd5 42. Qc7+ Kg6 43. Qd8 Qc5+ 44. Ka2 Qf2+ 45. Ka3 g2 46.
Qg8+ Kf5 47. Qf7+ Ke5 48. Qe7+ Kd5 49. Qf7+ Kd4 50. Qf6+ Ke3 51. Qe6+ Kxf3 52.
Qxd6 {Time forfeit} 1-0

[Event "Rated Blitz game"]
[Site "?"]
[Date "2021.04.17"]
[Round "?"]
[White "Arystanner23"]
[Black "vovaches"]
[Result "1/2-1/2"]
[WhiteElo "2667"]
[BlackElo "2479"]
[PlyCount "63"]
[EventDate "2021.??.??"]
[EventType "blitz"]

1. e4 e5 2. Nf3 d5 3. Nc3 dxe4 4. Nxe4 Nf6 5. Nxf6+ Qxf6 6. d4 exd4 7. Qxd4 Be7
8. Bd3 Nc6 9. Qxf6 Bxf6 10. O-O O-O 11. c3 Rd8 12. Bc2 Bg4 13. Be3 Bxf3 14.
gxf3 Ne5 15. Kg2 Nc4 16. Bc1 Rd7 17. Bb3 Nd2 18. Rd1 Rad8 19. Rxd2 Rxd2 20.
Bxd2 Rxd2 21. Rd1 Rxd1 22. Bxd1 Kf8 23. f4 Ke7 24. Kf3 Bh4 25. Bc2 h6 26. Ke3
Kd6 27. f3 c6 28. Ke4 Ke6 29. Bb3+ Kf6 30. h3 Bg3 31. a4 Bf2 32. Bc4 {Normal}
1/2-1/2

[Event "Rated Blitz game"]
[Site "?"]
[Date "2021.04.17"]
[Round "?"]
[White "fankasp"]
[Black "anjaya01"]
[Result "0-1"]
[WhiteElo "2423"]
[BlackElo "2400"]
[PlyCount "34"]
[EventDate "2021.??.??"]
[EventType "blitz"]

1. e4 e5 2. Nf3 d5 3. exd5 Bd6 4. d4 e4 5. Ne5 Nd7 6. Nc4 f5 7. Nxd6+ cxd6 8.
Nc3 Ngf6 9. Bf4 Nb6 10. Bb5+ Kf7 11. O-O h6 12. f3 g5 13. fxe4 gxf4 14. e5 Ng4
15. h3 Ne3 16. Qh5+ Kg7 17. Rf3 Qg5 {Normal} 0-1

[Event "Rated Blitz game"]
[Site "?"]
[Date "2021.04.17"]
[Round "?"]
[White "Prosha2007"]
[Black "blastol"]
[Result "1-0"]
[WhiteElo "2309"]
[BlackElo "2435"]
[PlyCount "29"]
[EventDate "2021.??.??"]
[EventType "blitz"]

1. e4 e5 2. Nf3 d5 3. exd5 Bd6 4. Bb5+ c6 5. dxc6 bxc6 6. Bc4 e4 7. Qe2 Qe7 8.
Nd4 Nf6 9. Nc3 O-O 10. d3 Re8 11. dxe4 Nxe4 12. Nxe4 Qxe4 13. Qxe4 Rxe4+ 14.
Be3 c5 15. Bd5 {Normal} 1-0

[Event "Rated Blitz game"]
[Site "?"]
[Date "2021.04.17"]
[Round "?"]
[White "kilg0retr0ut"]
[Black "magos33"]
[Result "0-1"]
[WhiteElo "2405"]
[BlackElo "2393"]
[PlyCount "54"]
[EventDate "2021.??.??"]
[EventType "blitz"]

1. e4 e5 2. Nf3 d5 3. Nxe5 Bd6 4. d4 dxe4 5. Nc4 Nf6 6. Nxd6+ Qxd6 7. h3 b6 8.
Be2 Bb7 9. Be3 Nc6 10. O-O O-O-O 11. c3 h6 12. Nd2 g5 13. a4 a5 14. b4 axb4 15.
a5 Nxa5 16. cxb4 Qxb4 17. Qc2 Nd5 18. Rfc1 Kb8 19. Rab1 Qd6 20. Nxe4 Nxe3 21.
Nxd6 Nxc2 22. Nxb7 Nxd4 23. Nxa5 Nxe2+ 24. Kf1 Nxc1 25. Nc6+ Kb7 26. Nxd8+ Rxd8
27. Rxc1 b5 {Normal} 0-1

[Event "Rated Blitz game"]
[Site "?"]
[Date "2021.04.17"]
[Round "?"]
[White "heretomakeit"]
[Black "Gifroy"]
[Result "0-1"]
[WhiteElo "2539"]
[BlackElo "2418"]
[PlyCount "62"]
[EventDate "2021.??.??"]
[EventType "blitz"]

1. e4 e5 2. Nf3 d5 3. Nxe5 Bd6 4. d4 dxe4 5. Nc4 Be7 6. Ne3 Nf6 7. c4 O-O 8.
Nc3 Nc6 9. d5 Ne5 10. h3 b6 11. Be2 a6 12. O-O Bd6 13. b3 Bd7 14. Bb2 Qc8 15.
f4 exf3 16. Bxf3 Bxh3 17. gxh3 Qxh3 18. Qe2 Rae8 19. Qg2 Qh6 20. Nf5 Bc5+ 21.
Rf2 Nxf3+ 22. Qxf3 Qg5+ 23. Kh1 Bxf2 24. Qxf2 Qh5+ 25. Kg1 Ng4 26. Qf4 g6 27.
Nd4 Qh4 28. Rf1 Re1 29. Ne4 Rxf1+ 30. Kxf1 Nh2+ 31. Ke2 Qxf4 {Normal} 0-1